|
|
|
|
| LEADER |
00000nab a2200000 a 4500 |
| 001 |
vtls000633267 |
| 003 |
SK-MaSNL |
| 005 |
20260303225024.0 |
| 008 |
040806c1996 xo 0 slo |
| 015 |
|
|
|a SNBRB19rr/mm-uuuuu
|
| 035 |
|
|
|a CL0633406
|
| 040 |
|
|
|a SNKBUCL
|b slo
|c SNKBUCL
|d SNK
|e AACR2
|
| 041 |
0 |
|
|a slo
|
| 044 |
|
|
|a xo
|c SK
|
| 080 |
|
|
|a 940(048)
|2 1981
|
| 080 |
|
|
|a 931(048)
|2 1981
|
| 080 |
|
|
|a 902(048)
|2 1981
|
| 100 |
1 |
|
|a Šmihula, Daniel,
|d 1972-
|4 aut
|9 241959
|
| 245 |
1 |
0 |
|a Dejiny Európy
|c D. Šmihula
|
| 651 |
|
7 |
|a Európa
|2 SNKPH
|9 167569
|
| 655 |
|
7 |
|a recenzie
|2 snkbucl
|9 21907
|
| 773 |
0 |
|
|t Knižná revue
|g Roč. 6, č. 18 (1996), s. 5
|x 1210-1982
|
| 787 |
0 |
8 |
|i Rec.:
|t Dejiny Európy - kritický pohľad
|d Bratislava : Mladé letá, 1996
|
| 850 |
|
|
|a Slovenská národná knižnica v Martine
|a MTA001
|
| 852 |
|
|
|a SNK
|b KIS3GCP
|
| 999 |
|
|
|c 2255213
|d 2257143
|